Marmaduke Pickthall : (Record no. 17743)

MARC details
000 -LEADER
fixed length control field 01011cam a2200301 a 4500
001 - CONTROL NUMBER
control field 1943671
003 - CONTROL NUMBER IDENTIFIER
control field BDDh-ASL
005 - DATE AND TIME OF LATEST TRANSACTION
control field 20231015025631.0
008 - FIXED-LENGTH DATA ELEMENTS--GENERAL INFORMATION
fixed length control field 870904s1986 enkfa b 001 0beng
010 ## - LIBRARY OF CONGRESS CONTROL NUMBER
LC control number 86213059
020 ## - INTERNATIONAL STANDARD BOOK NUMBER
International Standard Book Number 0704325144 :
Terms of availability £11.95
040 ## - CATALOGING SOURCE
Original cataloging agency DLC
Transcribing agency DLC
Modifying agency BDDh-ASL
043 ## - GEOGRAPHIC AREA CODE
Geographic area code aw-----
050 00 - LIBRARY OF CONGRESS CALL NUMBER
Classification number BP80.P53
Item number C57 1986
082 00 - DEWEY DECIMAL CLASSIFICATION NUMBER
Classification number 297.092
Edition number 19
Item number CLM
100 1# - MAIN ENTRY--PERSONAL NAME
Personal name Clark, Peter,
Dates associated with a name 1939-
245 10 - TITLE STATEMENT
Title Marmaduke Pickthall :
Remainder of title British Muslim /
Statement of responsibility, etc. Peter Clark.
260 ## - PUBLICATION, DISTRIBUTION, ETC.
Place of publication, distribution, etc. London ;
-- New York :
Name of publisher, distributor, etc. Quartet Books,
Date of publication, distribution, etc. 1986.
300 ## - PHYSICAL DESCRIPTION
Extent 156 p., [8] p. of plates :
Other physical details ill. ;
Dimensions 25 cm.
500 ## - GENERAL NOTE
General note Includes index.
504 ## - BIBLIOGRAPHY, ETC. NOTE
Bibliography, etc. note "A Marmaduke Pickthall bibliography": p. 135-148.
504 ## - BIBLIOGRAPHY, ETC. NOTE
Bibliography, etc. note Bibliography: p. 125-134.
600 10 - SUBJECT ADDED ENTRY--PERSONAL NAME
Personal name Pickthall, Marmaduke William,
Dates associated with a name 1875-1936
General subdivision Knowledge
-- Middle East.
650 #0 - SUBJECT ADDED ENTRY--TOPICAL TERM
Topical term or geographic name entry element Muslims
Geographic subdivision Great Britain
General subdivision Biography.
650 #0 - SUBJECT ADDED ENTRY--TOPICAL TERM
Topical term or geographic name entry element Authors, English
Chronological subdivision 20th century
General subdivision Biography.
906 ## - LOCAL DATA ELEMENT F, LDF (RLIN)
a 7
b cbc
c orignew
d 3
e ncip
f 19
g y-gencatlg
942 ## - ADDED ENTRY ELEMENTS (KOHA)
Source of classification or shelving scheme Dewey Decimal Classification
Koha item type Books
Holdings
Withdrawn status Lost status Source of classification or shelving scheme Damaged status Not for loan Collection code Home library Current library Shelving location Date acquired Source of acquisition Total Checkouts Full call number Barcode Date last seen Copy number Price effective from Koha item type Public note
    Dewey Decimal Classification   Not For Loan Non-fiction Asiatic Society Library Asiatic Society Library Ludden Collection 09/07/2020 Donated by Prof. John B. Harrison   297.092 CLM 100863 09/07/2020 C-1 09/07/2020 Books RARE

Powered by Koha